000 00548nam a2200217Ia 4500
003 OSt
005 20220928144021.0
006 a|||||r|||| 00| 0
007 ta
008 220927b |||||||| |||| 00| 0 eng d
024 _a23546
037 _cTextual
040 _aSDCL
_cSDCL
_beng
041 _2eng
_aeng
082 _aR6635,5:g, L2
100 _aShusheela Kamlesh
_9506347
245 0 _aShakti- bhashya ka adhyayan.
260 _c1972
942 _hR6635,5:g, L2
_cTEXL
_2CC
999 _c825491
_d825491